000 00321nam a2200133Ia 4500
100 _aQuinn/Michael J
942 _cBK
654 _aparallel programming
245 _aParallel Programming in C with MPI and Open MP
260 _bTata Mc Graw hill
_c2004
082 _a005.133C
_bQUI
300 _a529
546 _aENGLISH
999 _c21103
_d21103